Online Catalogue and eLibrary

Ramayanaya (Record no. 4815)

MARC details
000 -LEADER
fixed length control field 00375nam a2200157Ia 4500
005 - DATE AND TIME OF LATEST TRANSACTION
control field 20250425064245.0
008 - FIXED-LENGTH DATA ELEMENTS--GENERAL INFORMATION
fixed length control field 240331s9999 xx 000 0 und d
020 ## - INTERNATIONAL STANDARD BOOK NUMBER
ISBN 9552103878
082 ## - DDC Classification
Item Number - Author Mark ABA
Class No. 891
100 ## - MAIN ENTRY--PERSONAL NAME
Personal name Abayasinghe,P.M.P
245 #0 - TITLE STATEMENT
Title Ramayanaya
260 ## - PUBLICATION, DISTRIBUTION, ETC.
Place of publication, distribution, etc. Colombo
Name of publisher, distributor, etc. M. D. Gunasena
Date of publication, distribution, etc. 1992
300 ## - PHYSICAL DESCRIPTION
Extent (e.g. Volumes, Pages etc.) 215 p .,
500 ## - GENERAL NOTE
General note Story About Ramayanam
942 ## - Koha item type (Biblio)
Koha item type Books in Stacks (Lending)
Holdings
Lost status Damaged status Collection code Home library Current library Shelving location Date acquired Full call number Accession Number Item type
    Lending WERC Library WERC Library Social Science Cupboard 03/31/2024 891.48 ABA 1034 Books in Stacks (Lending)

© WERC Library